000 00822cam a2200217 a 4500
001 000003426
005 20200929150435.0
008 801215s1984 ng 000 0 spa
040 _aDO-SdBNP
_bspa
_cBNPHU
082 _a320.50924
_bS217F, 1984.
100 1 _aSandino, Augusto César,
_d1895-1934
_910682
245 1 0 _aIdeario político del general Augusto César Sandino /
_cAugusto César Sandino; recopilación Carlos Fonseca Amador.
250 _a2a ed.
260 _aManagua, Nicaragua :
_bDepartamento Nacional de Propaganda y Educación Política del FSLN,
_c1984.
300 _a78 p. ;
_c17 cm.
490 _aViva Sandino
600 1 0 _aSANDINO, AUGUSTO CÉSAR,
_d1895-1934
_xCITAS.
_910683
700 1 2 _aFonseca Amador, Carlos
_910684
830 0 _aViva Sandino
_910685
910 _aValidado. Control de calidad MFF
999 _c3256
_d3256